000 00694nam a2200193Ia 4500
003 GCL
008 140319s9999 xx 000 0 ara d
040 _aGCL /
_cGCL
082 0 4 _a600
_bا ب
100 1 _aاويس عطوة الزنط
245 1 0 _aالبناء التكنولوجى للبلدان النامية: النقل والنقل العكسى - البعد التكنولوجى فى التنمية /
_cاويس عطوة الزنط
260 _a[S.N] :
_bالمكتبة الاكاديمية ،
_c1991
300 _a212 ص
490 _a
650 0 4 _aالدول النامية
650 0 4 _aالتكنولوجيا
650 0 4 _aالتنمية الزراعية
942 _2ddc
_cBK
999 _c53844
_d53844